000 00619nam a2200181Ia 4500
008 190427s9999 xx 000 0 und d
100 _aCheng, Xiaoye
245 _aUsing Serious games in data communication and networking management course/
245 _cXiaoye Cheng, Yichuan Wang, and Chetan S. Sankar.--
260 _bTaylor and Francis Group
260 _c2018
300 _apages 39-48, 2018
440 _aJournal of Computer Inforamation System
_v58(1)
650 _aApplication In a Subject area
650 _aComputer-Mediated Communication
650 _aMultimedia System
650 _aSerious Games
999 _c361710
_d361710